• 首页
  • 本馆介绍
  • 公告通知
  • 最新文献
  • 馆藏检索
  • 电子资源
  • 读者导购
  • 参考咨询
  • 我的图书馆
  • 登录
  • 详细信息显示
  • 放入我的书架
  • 预约/预借图书
  • 作者相关作品
  • 分类相关作品
  • 丛书相关作品
  • 出版社相关作品

书目信息

  • 表格格式
  • 工作单格式
  • 卡片格式
题名:
美好的花器花礼
    
 
作者: 李有珍 著 ;余彬星 译
分册:  
出版信息: 北京   电子工业出版社  2017
页数: 193页
开本: 24cm
丛书名:
单 册:
中图分类: J535.12
科图分类:
主题词: 插花--cha hua--装饰美术--韩国
电子资源:
ISBN: 978-7-121-30492-7
000 01040nam0 2200265 450
001 012017000021
005 20180111091212.27
010    @a978-7-121-30492-7@b@dCNY49.80
100    @a20170117d2017 em y0chiy0121 ea
101 1  @achi@ckor
102    @aCN@b110000
105    @aa z 000yy
106    @ar
200 1  @a美好的花器花礼@Amei hao de hua qi hua li@d= First floral decoration@f(韩) 李有珍著@g余彬星译@zeng
210    @a北京@c电子工业出版社@d2017
215    @a193页@c彩图@d24cm
330    @a本书教你用简单的花材与杂货搭配, 为生活点缀日日不同的风景。没有花瓶也没有关系, 只要有一个小茶杯、普通的玻璃瓶、法郎陶瓷器皿、小篮子就足够了……花儿才是主角, 所以不论插在哪里都会很漂亮。再加上一点个人的小小创意, 马上就可以做出世界上独一无二的手作花礼。
510 1  @aFirst floral decoration@zeng
606 0  @a插花@Acha hua@x装饰美术@y韩国
690    @aJ535.12@v5
701  0 @a李有珍@Ali you zhen@4著
702  0 @a余彬星@Ayu bin xing@4译
801  0 @aCN@b湖北三新@c20170419@g
905    @aBZT@dJ535.12@e2
906    @dCNY49.80@n5@r1
    
    美好的花器花礼= First floral decoration/(韩) 李有珍著/余彬星译.-北京:电子工业出版社,2017
    193页:彩图;24cm
    
    
    ISBN 978-7-121-30492-7:CNY49.80
    本书教你用简单的花材与杂货搭配, 为生活点缀日日不同的风景。没有花瓶也没有关系, 只要有一个小茶杯、普通的玻璃瓶、法郎陶瓷器皿、小篮子就足够了……花儿才是主角, 所以不论插在哪里都会很漂亮。再加上一点个人的小小创意, 马上就可以做出世界上独一无二的手作花礼。
●
相关链接 在五车中查询图书 在当当中查询图书 在豆瓣中查询图书


正题名:美好的花器花礼     索取号:J535.12/2         预约/预借

序号 登录号 条形码 馆藏地/架位号 状态 备注
1 843005   2000843005   第二书库/ [索取号:J535.12/2] 在馆    
2 843006   2000843006   第二书库/ [索取号:J535.12/2] 在馆    
3 843007   2000843007   第二书库/ [索取号:J535.12/2] 在馆    
4 843008   2000843008   第二书库/ [索取号:J535.12/2] 在馆    
5 843009   2000843009   第二书库/ [索取号:J535.12/2] 在馆    
山东省滨州职业学院图书馆 欢迎您!
大连网信软件有限公司© 版权所有